000 01196cam a2200349 4500
008 090401t1995 xxu||||| |||| 00| 0 eng d
020 _a011691629X
035 _a(Sirsi) u56745
041 _aeng
050 _a306.1
100 _aGreen, Hazel
245 _aHousing in England 1993/94: a report of the 1993/94 Survey of English Housing.
260 _aLondon
_bHMSO
_c1995
300 _a240p. ; 30cm.
350 _a23
520 _aCarried out by the Social Survey Division of OPCS on behalf of the DoE, the report provides a comprehensive picture of housing in England. Includes information on the changing profiles of owners and renters, type and standard of accommodation, waiting lists for social housing and housing costs.
650 _aHOUSING FINANCE
650 _aHOUSING IN ENGLAND
650 _aHOUSING STATISTICS
650 _aLONE PARENTS
650 _aOWNER-OCCUPIERS
650 _aPRIVATE SECTOR
650 _aRENT
650 _aSOCIAL HOUSING
650 _aSTATISTICS
650 _aWAITING LISTS
690 _aHOUSING
700 _aHansbro, Jacqui
710 _aOffice of Population Censuses and Surveys
_91361
942 _n0
948 _c04/03/1997
999 _c93829
_d93829